000 00915nam a2200241 i 4500
001 74481
003 ES-MaACL
005 20230906172140.0
007 t|
008 040920s1946 sp ||||1| spa d
100 1 _aGonzález Palencia, Ángel,
_d1889-1949
_958854
245 1 0 _aAspectos sociales de la España árabe /
_cpor A. González Palencia.
260 _aMadrid :
_bEscuela Social de Madrid,
_c1946 (
_fF. Domenech)
300 _a44 p. ;
_c22 cm.
490 1 _aCuadernos del Congreso de Estudios Sociales. Sección 1ª
651 4 _aAl-Andalus-
_xSituación social.
_9168852
651 4 _aAl-Andalus-
_xSituación económica.
_9168851
710 2 _aEscuela Social de Madrid.
_93593
711 2 _aCongreso de Estudios Sociales (
_d1945.
_cMadrid)
_9173563
830 1 _aCuadernos del Congreso de Estudios Sociales. Sección 1ª
_9183551
852 _aES-MaACL
_j1865-F-7
999 _c74481
_d74481